000 00278nam a2200109Ia 4500
008 200302s9999 xx 000 0 und d
100 _aSimone K. schleifer
245 _aArchitecture and materials
260 _bLoft Publications S. L. and HBI
260 _c2011
300 _a599 P.,
999 _c3077
_d3077